FICG 31 : marzo 4-13 [de 2016] : programa de mano /

Furkejuvvon:
Bibliográfalaš dieđut
Searvvušdahkki: Muestra de Cine Mexicano en Guadalajara ( Guadalajara, México)
Materiálatiipa: Konfereansapublikašuvdna Girji
Giella:espánnjágiella
Almmustuhtton: Guadalajara, México : Universidad de Guadalajara, 2016
Fáttát:
Fáddágilkorat: Lasit fáddágilkoriid
Eai fáddágilkorat, Lasit vuosttaš fáddágilkora!

MARC

LEADER 00000nam^a2200000^a^4500
001 000391219
005 20250521000000.0
009 20260310121207.891
037 |a Acervo ITESO - Biblioteca 
041 |a ESP 
082 |a 302. 23550972352  |b MUE 2016-PM 
111 |a Muestra de Cine Mexicano en Guadalajara (  |n 31a :  |d 2016 :  |c Guadalajara, México) 
240 1 1 |a [Festival Internacional de Cine en Guadalajara 2016] 
240 1 1 |a [Muestra de Cine Mexicano en Guadalajara] 
245 1 0 |a FICG 31 :  |b marzo 4-13 [de 2016] : programa de mano /  |c Muestra de Cine Mexicano en Guadalajara. 
264 1 |a Guadalajara, México :  |b Universidad de Guadalajara,  |c 2016 
300 |a 82 p. 
336 |a texto  |b txt  |2 rdacontenido 
337 |a sin mediación  |b n  |2 rdamedio 
338 |a volumen  |b nc  |2 rdasoporte 
649 |a XX 
650 |a Cineastas Mexicanos -  |x Homenajes 
650 |a Actores Españoles -  |x Homenajes 
650 |a Actores Norteamericanos -  |x Homenajes 
650 |a Cortometrajes y Mediometrajes Brasileños -  |x Ciclos y Retrospectivas 
650 |a Erotismo en el Cine -  |z Japón -  |x Ciclos y Retrospectivas 
650 |a Música en el Cine -  |x Ciclos y Retrospectivas 
650 |a Medio Ambiente en el Cine -  |x Ciclos y Retrospectivas 
650 |a Películas Infantiles -  |x Ciclos y Retrospectivas 
650 |a Cine Gay y Lésbico -  |x Festivales -  |z Guadalajara, Jalisco 
650 |a Cine Gay y Lésbico -  |x Historia y Crítica 
650 |a Cine Gay y Lésbico -  |y 2010-2019 
650 |a Cine Gay y Lésbico -  |y Siglo XXI 
650 |a Cine Jalisciense -  |x Ciclos y Retrospectivas 
650 |a Cine Jalisciense -  |y 2010-2019 
650 |a Cine Jalisciense -  |y Siglo XXI 
650 |a Cine Mexicano -  |x Festivales -  |x Tema Principal 
650 |a Cine Mexicano -  |x Ciclos y Retrospectivas 
650 |a Cine Mexicano -  |x Historia y Crítica 
650 |a Cine Mexicano -  |y 2010-2019 
650 |a Cine Mexicano -  |y Siglo XXI 
650 |a Cine Brasileño -  |x Ciclos y Retrospectivas 
650 |a Cine Iberoamericano -  |x Festivales -  |x Tema Principal 
650 |a Cine Iberoamericano -  |x Historia y Crítica 
650 |a Cine Iberoamericano -  |y 2010-2019 
650 |a Cine Iberoamericano -  |y Siglo XXI 
650 |a Cine Suizo -  |x Ciclos y Retrospectivas 
650 |a Cine Europeo -  |x Ciclos y Retrospectivas 
650 |a Cine Japonés -  |x Ciclos y Retrospectivas 
650 |a Cine -  |x Festivales -  |z Guadalajara, Jalisco -  |x Tema Principal 
650 |a Cine -  |x Festivales -  |z México 
650 |a Cine -  |x Festivales -  |x Catálogos 
650 |a Cine -  |x Reseñas 
650 |a Arau, Alfonso 
650 |a Banderas, Antonio 
650 |a Perlman, Ron 
910 |a Fondo General 
920 |a Impresos - Libros 
930 |a Obras de Referencia 
905 |a 102 
901 |a 0500286034  |b IT2  |c REF  |i C154499  |u 20250521 
902 |a https://opac.biblio.iteso.mx/vufind/Record/000391219